| 000 | 00622nam a2200217Ia 4500 | ||
|---|---|---|---|
| 003 | OSt | ||
| 005 | 20220925170034.0 | ||
| 006 | a|||||r|||| 00| 0 | ||
| 007 | ta | ||
| 008 | 220923b |||||||| |||| 00| 0 eng d | ||
| 037 | _cGeneral Book | ||
| 040 |
_aRTL _cRTL _beng |
||
| 041 |
_2eng _aeng |
||
| 082 | _aU.42a.N47, J6 | ||
| 100 |
_aHall Noh _9235567 |
||
| 245 | 0 |
_aJapanese geography _bGaide to Japanese reference and research materials. |
|
| 260 |
_aArbor _bBraun Brumfield Inc. _c1956 |
||
| 300 |
_a128p _ccm. |
||
| 942 |
_hU.42a.N47, J6 _cGB _2CC |
||
| 999 |
_c478973 _d478973 |
||